[Event "Godesberg- Iserlohn"]
[Site "?"]
[Date "2023.10.29"]
[Round "3.6"]
[White "Kutzner, Stephen"]
[Black "Messarius, Juergen"]
[Result "1/2-1/2"]
[WhiteElo "2035"]
[BlackElo "2182"]
[PlyCount "93"]
[EventDate "2023.??.??"]
[SourceVersionDate "2023.09.04"]

1. e4 Nf6 2. e5 Nd5 3. d4 d6 4. Nf3 g6 5. Bc4 Nb6 6. Bb3 d5 7. Be3 Nc4 8. Bxc4 dxc4 9. Nc3 c6 10. Qe2 Be6 11. Nd2 b5 12. a4 Bd5 13. axb5 cxb5 14. Nxb5 Nc6 15. Nxc4 Bxg2 16. Rg1 Bd5 17. Bg5 Qc8 18. Nb6 Nxd4 19. Nxc8 Nxe2 20. Kxe2 Rxc8 21. b3 Rxc2+ 22. Kd3 Rc5 23. Nd4 Rc7 24. Ra5 e6 25. Bf6 Rg8 26. Rga1 Bc5 27. Rc1 Bb6 28. Rxc7 Bxc7 29. Rxa7 Kd7 30. Nb5 Rc8 31. Nxc7 Rxc7 32. Rxc7+ Kxc7 33. b4 Kc6 34. Ke3 Bc4 35. Kf4 h5 36. Kg5 Kd7 37. Kh6 Ke8 38. Kg7 Bb5 39. Bg5 Bc4 40. Kf6 Bb5 41. Be3 Bc4 42. Bc5 Bb5 43. Bd6 Bc4 44. Kg5 Kd7 45. Kf4 Kc6 46. Kg5 Kd7 47. Kf6 1/2-1/2

[Event "Godesberg- Iserlohn"]
[Site "?"]
[Date "2023.10.29"]
[Round "3.7"]
[White "Kind, Bertram"]
[Black "Mittmann, Johannes"]
[Result "1-0"]
[WhiteElo "2163"]
[BlackElo "2057"]
[PlyCount "103"]
[EventDate "2023.??.??"]
[SourceVersionDate "2023.09.04"]

1. e4 e5 2. Nf3 d6 3. Bc4 Nf6 4. Nc3 Be7 5. O-O O-O 6. h3 c6 7. d3 Nbd7 8. a4 a5 9. Nh2 Nc5 10. Ba2 Be6 11. Bxe6 Nxe6 12. Rb1 Re8 13. Ng4 Qc7 14. Be3 Nd7 15. Qf3 Qd8 16. Qg3 Kh8 17. f4 exf4 18. Bxf4 Nxf4 19. Qxf4 Nf6 20. Ne3 Qb6 21. Kh1 Nh5 22. Qf3 g6 23. g4 Ng7 24. Nc4 Qc7 25. Qg3 Kg8 26. Rf2 Rf8 27. Rbf1 Qd8 28. Rg2 Ne6 29. e5 Bh4 30. Qh2 d5 31. Nd2 Qb6 32. Nf3 Be7 33. b3 Rae8 34. h4 Nd4 35. Nxd4 Qxd4 36. Ne2 Qe3 37. Ng1 Bd8 38. Re2 Qd4 39. Qg3 Bc7 40. Nf3 Qc3 41. Qe1 Qc5 42. d4 Qe7 43. g5 Qd7 44. Nh2 b5 45. Qg3 Re6 46. Ng4 Qd8 47. Nf6+ Kh8 48. h5 b4 49. Rh2 gxh5 50. Rxh5 Rxf6 51. gxf6 Rg8 52. Qh3 1-0

[Event "Godesberg- Iserlohn"]
[Site "?"]
[Date "2023.10.29"]
[Round "3.8"]
[White "Wulfken, Christof"]
[Black "Glatzel, Jonas"]
[Result "0-1"]
[WhiteElo "1979"]
[BlackElo "2042"]
[PlyCount "68"]
[EventDate "2023.??.??"]
[SourceVersionDate "2023.09.04"]

1. d4 Nf6 2. Nf3 g6 3. c4 Bg7 4. Nc3 d5 5. e3 O-O 6. h3 c5 7. Be2 cxd4 8. Nxd4 Nc6 9. Nxc6 bxc6 10. O-O Rb8 11. Qc2 Qb6 12. b3 Rd8 13. Rd1 Bf5 14. Bd3 dxc4 15. Bxf5 cxb3 16. Rxd8+ Rxd8 17. axb3 gxf5 18. Bb2 Qc5 19. Qe2 e6 20. Ra4 Qb6 21. Ra6 Qxb3 22. Rxa7 Qb8 23. Ra6 Ne4 24. Nxe4 Qxb2 25. Qxb2 Bxb2 26. Ng5 Rc8 27. Ra7 c5 28. Nxf7 c4 29. Nh6+ Kf8 30. g4 c3 31. gxf5 c2 32. Rf7+ Ke8 33. fxe6 c1=Q+ 34. Kg2 Qc6+ 0-1

[Event "Krefeld- Werden"]
[Site "?"]
[Date "2023.10.29"]
[Round "3.1"]
[White "Kaufeld, Juergen"]
[Black "Gutkin, Ilya"]
[Result "0-1"]
[WhiteElo "2241"]
[BlackElo "2300"]
[PlyCount "62"]
[EventDate "2023.??.??"]
[SourceVersionDate "2023.09.04"]

1. e4 c5 2. Nf3 Nc6 3. Bb5 g6 4. O-O Bg7 5. Re1 Nf6 6. e5 Nd5 7. Nc3 Nc7 8. Bxc6 dxc6 9. Ne4 b6 10. Nf6+ Kf8 11. Ne4 Bg4 12. d3 Ne6 13. Ned2 g5 14. h3 Bh5 15. Ne4 h6 16. g4 Bg6 17. Ng3 Qd5 18. Nf5 Bxf5 19. gxf5 Nd4 20. Nxd4 cxd4 21. Qe2 f6 22. e6 Qxf5 23. Qh5 Kg8 24. Qf7+ Kh7 25. Qxe7 Qxh3 26. Qd6 Qg4+ 27. Kf1 Qf3 28. Qxd4 Rad8 29. Qa4 Rhe8 30. Qxa7 Qh3+ 31. Kg1 Rd4 0-1

[Event "Krefeld- Werden"]
[Site "?"]
[Date "2023.10.29"]
[Round "3.2"]
[White "Hopman, Pieter"]
[Black "Kauch, Markus"]
[Result "1-0"]
[WhiteElo "2308"]
[BlackElo "2121"]
[PlyCount "43"]
[EventDate "2023.??.??"]
[SourceVersionDate "2023.09.04"]

1. d4 d5 2. c4 c6 3. Nf3 Nf6 4. e3 g6 5. Nc3 Bg7 6. h3 O-O 7. Bd3 b6 8. O-O Bb7 9. e4 dxe4 10. Nxe4 Nbd7 11. Nc3 Qc7 12. Re1 e6 13. Ne5 Nxe5 14. dxe5 Nd7 15. f4 Nc5 16. Bc2 Rfd8 17. Qe2 a5 18. Be3 Bf8 19. h4 Rab8 20. h5 Ba6 21. a3 Qb7 22. b4 1-0

[Event "Krefeld- Werden"]
[Site "?"]
[Date "2023.10.29"]
[Round "3.3"]
[White "Roth, Markus"]
[Black "Kabos, Tobias"]
[Result "1/2-1/2"]
[WhiteElo "2192"]
[BlackElo "2275"]
[PlyCount "99"]
[EventDate "2023.??.??"]
[SourceVersionDate "2023.09.04"]

1. d4 d5 2. Nc3 c6 3. Bf4 Bf5 4. f3 e6 5. e4 Bg6 6. Qd2 Nf6 7. e5 Nfd7 8. O-O-O b5 9. h4 h6 10. h5 Bh7 11. Bd3 Nb6 12. Bxh7 Rxh7 13. Qd3 Rh8 14. Kb1 N8d7 15. Bc1 b4 16. Nce2 c5 17. f4 cxd4 18. Nxd4 Nc5 19. Qf3 Qd7 20. f5 O-O-O 21. Nh3 exf5 22. Nxf5 g6 23. Nd4 Bg7 24. Rhe1 Nc4 25. hxg6 Nxe5 26. Qg3 Ne4 27. Qb3 Nxg6 28. Qxb4 Qb7 29. Qxb7+ Kxb7 30. Nf5 Bf6 31. Nxh6 Ne5 32. Nf5 Nc4 33. Nf4 Na3+ 34. Ka1 Nxc2+ 35. Kb1 Nxe1 36. Rxe1 Rhe8 37. Nd3 Ka8 38. Bf4 Re6 39. Rc1 Bg5 40. Bxg5 Nxg5 41. Nd4 Rb6 42. a3 Ne6 43. Nf5 d4 44. Ka2 Rb7 45. g4 Rc7 46. Re1 Kb8 47. Re5 Kb7 48. Ng3 Rcd7 49. Rb5+ Ka8 50. Ne4 1/2-1/2

[Event "Krefeld- Werden"]
[Site "?"]
[Date "2023.10.29"]
[Round "3.4"]
[White "van Mil, Lucas"]
[Black "Mann, Gergely"]
[Result "1/2-1/2"]
[WhiteElo "2147"]
[BlackElo "1997"]
[PlyCount "62"]
[EventDate "2023.??.??"]
[SourceVersionDate "2023.09.04"]

1. d4 d5 2. Nf3 Nf6 3. Bf4 c5 4. e3 Nc6 5. c3 Qb6 6. Qb3 c4 7. Qc2 Bf5 8. Qc1 Nh5 9. Bg3 O-O-O 10. Nbd2 f6 11. Be2 Nxg3 12. hxg3 e5 13. Nh4 Bd3 14. Bxd3 cxd3 15. Ng6 Rg8 16. Nxf8 Rdxf8 17. Nb3 Rd8 18. Qd1 e4 19. Qg4+ Kb8 20. Rxh7 Na5 21. Nxa5 Qxa5 22. Rxg7 Rxg7 23. Qxg7 Qb5 24. Qxf6 d2+ 25. Kd1 Rc8 26. Qf4+ Ka8 27. Qg4 Rh8 28. Kc2 Qd3+ 29. Kb3 Qb5+ 30. Kc2 Qd3+ 31. Kb3 Qb5+ 1/2-1/2

[Event "Krefeld- Werden"]
[Site "?"]
[Date "2023.10.29"]
[Round "3.5"]
[White "ter Steeg, Marcus"]
[Black "Panjer, Sidney"]
[Result "1/2-1/2"]
[WhiteElo "1927"]
[BlackElo "2082"]
[PlyCount "88"]
[EventDate "2023.??.??"]
[SourceVersionDate "2023.09.04"]

1. d4 d5 2. c4 e6 3. Nc3 Be7 4. Nf3 Nf6 5. Bg5 h6 6. Bh4 O-O 7. cxd5 Nxd5 8. Bxe7 Qxe7 9. e4 Nxc3 10. bxc3 c5 11. Qd2 Rd8 12. Rd1 Nc6 13. Be2 b6 14. O-O cxd4 15. cxd4 e5 16. d5 Bg4 17. Bb5 Bxf3 18. Bxc6 Rac8 19. gxf3 Rxc6 20. Kh1 Qa3 21. Qe2 Rc3 22. Rg1 Rxf3 23. Rg3 Rxg3 24. hxg3 Qc5 25. Qb2 f5 26. exf5 Kh7 27. Qd2 Qc4 28. Kg1 Qg4 29. d6 Qxf5 30. d7 e4 31. Qd4 Qe6 32. a4 Kg6 33. a5 Kf7 34. Kg2 h5 35. axb6 axb6 36. Kg1 h4 37. gxh4 Qg4+ 38. Kf1 Qh3+ 39. Kg1 Qg4+ 40. Kf1 Qxh4 41. Qd5+ Kf8 42. Qf5+ Kg8 43. Qe6+ Kh7 44. Qf5+ Kg8 1/2-1/2

[Event "Krefeld- Werden"]
[Site "?"]
[Date "2023.10.29"]
[Round "3.6"]
[White "Van der Valk, Niklas"]
[Black "Huette, Stefan"]
[Result "1/2-1/2"]
[WhiteElo "2087"]
[BlackElo "2047"]
[PlyCount "126"]
[EventDate "2023.??.??"]
[SourceVersionDate "2023.09.04"]

1. e4 e6 2. d4 d5 3. Nc3 dxe4 4. Nxe4 Bd7 5. Nf3 Bc6 6. Bd3 Nd7 7. O-O Ngf6 8. Ng3 Bxf3 9. Qxf3 c6 10. Re1 Be7 11. c4 O-O 12. b3 Bb4 13. Re2 Qa5 14. Be3 Rfe8 15. a3 Bd6 16. Bd2 Qc7 17. b4 Bxg3 18. hxg3 e5 19. Rae1 exd4 20. Rxe8+ Rxe8 21. Rxe8+ Nxe8 22. Qe4 Qe5 23. Qxh7+ Kf8 24. Qh8+ Ke7 25. g4 g5 26. Qh6 f6 27. Qh7+ Kd8 28. g3 Qe7 29. Qxe7+ Kxe7 30. f4 Ng7 31. Kf2 Ke6 32. Kf3 gxf4 33. gxf4 f5 34. gxf5+ Nxf5 35. c5 Nf6 36. Bc4+ Kd7 37. Bf1 Ke7 38. Bd3 Ke6 39. Bc4+ Kd7 40. Bf1 Ke7 41. Bh3 Nh4+ 42. Ke2 Nd5 43. Bc1 Ng6 44. Kf3 Nc3 45. Bb2 b6 46. cxb6 axb6 47. Bf1 Kd6 48. Bd3 Ne7 49. Kg4 Ned5 50. Kg5 Ke7 51. f5 Nf6 52. Kf4 Kd6 53. Bc1 Ncd5+ 54. Kg5 Ke5 55. Bd2 Nh7+ 56. Kg6 Nhf6 57. a4 Ne7+ 58. Kg5 Nh7+ 59. Kh6 Nf8 60. Kg5 Nh7+ 61. Kh6 Nf8 62. Kg5 Nh7+ 63. Kh6 Nf8 1/2-1/2

[Event "Krefeld- Werden"]
[Site "?"]
[Date "2023.10.29"]
[Round "3.7"]
[White "Claussen, Uwe"]
[Black "Reuter, Julian"]
[Result "0-1"]
[WhiteElo "2087"]
[BlackElo "2062"]
[PlyCount "114"]
[EventDate "2023.??.??"]
[SourceVersionDate "2023.09.04"]

1. b3 d5 2. e3 Nf6 3. Bb2 Bf5 4. f4 e6 5. Nf3 Be7 6. Be2 h6 7. O-O O-O 8. Ne5 Bh7 9. d3 Nbd7 10. Nd2 a5 11. a4 c6 12. Qe1 Bb4 13. Rd1 Qe7 14. Qg3 Nxe5 15. fxe5 Nd7 16. Nb1 Qg5 17. Qxg5 hxg5 18. Bg4 Rae8 19. c3 Be7 20. d4 Bc2 21. Rd2 Bxb3 22. Rdf2 Bxa4 23. Nd2 Bb5 24. Ra1 Ra8 25. Ba3 Bxa3 26. Rxa3 Nb6 27. Ra1 Nc4 28. Nf1 a4 29. Bd1 Ra7 30. Rfa2 Rfa8 31. Kf2 f6 32. Bg4 f5 33. Bd1 Kf7 34. h3 a3 35. Nh2 Nb2 36. Bh5+ Ke7 37. Be2 Nd3+ 38. Kf1 Bc4 39. Rd2 Nb2 40. Ke1 Bxe2 41. Kxe2 Kf7 42. Rc2 Nc4 43. Rca2 Ra5 44. Nf3 Kg6 45. Ne1 Rb5 46. Nd3 Rb3 47. Rc2 b6 48. Raa2 Ra5 49. g4 Rb1 50. Nc1 Rb2 51. Kd3 Rab5 52. Re2 Rxe2 53. Rxe2 Rb1 54. Kc2 Rb2+ 55. Kd3 f4 56. exf4 gxf4 57. h4 f3 0-1

[Event "Krefeld- Werden"]
[Site "?"]
[Date "2023.10.29"]
[Round "3.8"]
[White "Van Gool, Rudi"]
[Black "Rehfeldt, Jens"]
[Result "1-0"]
[WhiteElo "2153"]
[BlackElo "2026"]
[PlyCount "67"]
[EventDate "2023.??.??"]
[SourceVersionDate "2023.09.04"]

1. d4 e6 2. c4 b6 3. Nf3 Bb7 4. a3 Nf6 5. Nc3 Be7 6. Qc2 d5 7. cxd5 exd5 8. Bg5 O-O 9. e3 h6 10. Bf4 Nh5 11. Be5 Nd7 12. Rd1 Nhf6 13. Be2 c6 14. O-O Qc8 15. Bg3 Nh5 16. Bh4 Bxh4 17. Nxh4 Nhf6 18. Nf5 Qc7 19. Ne7+ Kh8 20. Ncxd5 Qd6 21. Nxf6 Qxf6 22. Nf5 c5 23. d5 Rfe8 24. e4 Nf8 25. f4 Bc8 26. Ng3 Ng6 27. e5 Qh4 28. Nf5 Bxf5 29. Qxf5 Ne7 30. Qxf7 Rf8 31. Qh5 Qxh5 32. Bxh5 Rad8 33. d6 Nf5 34. e6 1-0

[Event "Oberhausen- Aachen 2"]
[Site "?"]
[Date "2023.10.29"]
[Round "3.1"]
[White "Meessen, Rudolf"]
[Black "Becker, Marcel"]
[Result "0-1"]
[WhiteElo "2187"]
[BlackElo "2313"]
[PlyCount "90"]
[EventDate "2023.??.??"]
[SourceVersionDate "2023.09.04"]

1. d4 d5 2. Nc3 Nf6 3. Bf4 Bf5 4. e3 e6 5. Nf3 a6 6. Ne5 Nfd7 7. Bd3 Bxd3 8. cxd3 Nxe5 9. Bxe5 Nc6 10. Bg3 Bd6 11. Bxd6 Qxd6 12. O-O O-O 13. f4 Ne7 14. Na4 f6 15. Qb3 b6 16. Qc3 Nf5 17. Rfe1 Rae8 18. Rac1 Rf7 19. g4 Nh4 20. Rf1 e5 21. Qe1 g5 22. fxg5 fxg5 23. Rxf7 Kxf7 24. Qg3 Re7 25. dxe5 Qxe5 26. d4 Qxg3+ 27. hxg3 Nf3+ 28. Kg2 Nd2 29. b3 Ke6 30. Rc2 Ne4 31. Nc3 Nf6 32. Kh3 Kd6 33. Rf2 Ne4 34. Nxe4+ Rxe4 35. Rf7 Rxe3 36. Rxh7 c5 37. dxc5+ bxc5 38. Ra7 d4 39. Rxa6+ Kd5 40. Kg2 d3 41. Ra8 Kd4 42. Kf2 Re5 43. a4 d2 44. Rd8+ Kc3 45. a5 Re1 0-1

[Event "Oberhausen- Aachen 2"]
[Site "?"]
[Date "2023.10.29"]
[Round "3.2"]
[White "Voge, Andreas"]
[Black "Coenen, Norbert"]
[Result "0-1"]
[WhiteElo "2030"]
[BlackElo "2251"]
[PlyCount "46"]
[EventDate "2023.??.??"]
[SourceVersionDate "2023.09.04"]

1. e4 e5 2. Nf3 Nc6 3. Bb5 a6 4. Ba4 Nf6 5. O-O b5 6. Bb3 Bc5 7. c3 d6 8. d4 Bb6 9. h3 O-O 10. Re1 h6 11. a4 Bb7 12. axb5 axb5 13. Rxa8 Qxa8 14. Na3 exd4 15. cxd4 Na5 16. Nxb5 Nxb3 17. Qxb3 Bxe4 18. Nh4 Qa5 19. Nc3 Bxd4 20. Bd2 Qh5 21. Nxe4 Qxh4 22. Ng3 Nh5 23. Re4 Qxg3 0-1

[Event "Oberhausen- Aachen 2"]
[Site "?"]
[Date "2023.10.29"]
[Round "3.3"]
[White "Ngo, Quang Thai"]
[Black "Hort, Vlastimil"]
[Result "1/2-1/2"]
[WhiteElo "2080"]
[BlackElo "2323"]
[PlyCount "117"]
[EventDate "2023.??.??"]
[SourceVersionDate "2023.09.04"]

1. d4 Nf6 2. c4 e6 3. Nc3 Bb4 4. e3 O-O 5. Bd2 d5 6. Nf3 b6 7. cxd5 exd5 8. Rc1 Bb7 9. Bd3 c5 10. Ne2 Bxd2+ 11. Qxd2 Nbd7 12. O-O Re8 13. b3 Qe7 14. Qb2 Rac8 15. Qa3 Qd6 16. Rfd1 Qb8 17. Nf4 Bc6 18. Bf5 Qb7 19. Ne5 cxd4 20. exd4 g6 21. Qd6 Bb5 22. Bxd7 Nxd7 23. Rxc8 Qxc8 24. Nxd7 Qxd7 25. Qxd7 Bxd7 26. Nxd5 Kg7 27. Ne3 f5 28. Rc1 Re4 29. d5 f4 30. Rc7 fxe3 31. Rxd7+ Kh6 32. fxe3 Rxe3 33. Rxa7 Rd3 34. Ra6 Rxd5 35. a4 b5 36. axb5 Rxb5 37. Ra3 Kg5 38. Kf2 Kf4 39. Ke2 Ke4 40. Kd2 Rd5+ 41. Kc2 Rb5 42. Ra4+ Ke3 43. h3 Rf5 44. Rg4 g5 45. h4 gxh4 46. Rxh4 h5 47. Kc3 Rg5 48. Rh2 Kf4 49. Rh3 Rg3+ 50. Kc4 Rxh3 51. gxh3 Kg3 52. b4 Kxh3 53. b5 h4 54. b6 Kg2 55. b7 h3 56. b8=Q h2 57. Qg8+ Kf1 58. Qh7 Kg2 59. Qxh2+ 1/2-1/2

[Event "Oberhausen- Aachen 2"]
[Site "?"]
[Date "2023.10.29"]
[Round "3.4"]
[White "Alkhazashvili, Ololi"]
[Black "Bodicky, Michal"]
[Result "1/2-1/2"]
[WhiteElo "2185"]
[BlackElo "2174"]
[PlyCount "56"]
[EventDate "2023.??.??"]
[SourceVersionDate "2023.09.04"]

1. e4 d6 2. d4 Nf6 3. Nc3 e5 4. Nf3 Nbd7 5. Bc4 Be7 6. O-O c6 7. Bb3 O-O 8. a3 exd4 9. Qxd4 Nc5 10. Ba2 Be6 11. b4 Na6 12. Bxe6 fxe6 13. e5 Nd5 14. Bd2 Qe8 15. Qg4 Nac7 16. Rfe1 Qf7 17. Ne4 dxe5 18. Nxe5 Qf5 19. Qg3 Nf4 20. Bc3 Ne8 21. Rad1 Rd8 22. Qe3 Rxd1 23. Rxd1 Nd5 24. Qe2 Nxc3 25. Nxc3 Bf6 26. f4 Qxf4 27. Nd7 Bd4+ 28. Kh1 Bxc3 1/2-1/2

[Event "Oberhausen- Aachen 2"]
[Site "?"]
[Date "2023.10.29"]
[Round "3.5"]
[White "Lamby, Philipp"]
[Black "Mancic, Ivan"]
[Result "0-1"]
[WhiteElo "2193"]
[BlackElo "2147"]
[PlyCount "70"]
[EventDate "2023.??.??"]
[SourceVersionDate "2023.09.04"]

1. d4 Nf6 2. c4 g6 3. Nc3 d5 4. cxd5 Nxd5 5. e4 Nxc3 6. bxc3 Bg7 7. Bc4 c5 8. Ne2 O-O 9. O-O cxd4 10. cxd4 Nc6 11. Be3 Bg4 12. f3 Na5 13. Bd3 Be6 14. Rc1 Bxa2 15. h4 Be6 16. d5 Bd7 17. h5 e6 18. d6 Nc6 19. Rb1 b6 20. Qc1 Rc8 21. Qa3 Na5 22. Ba6 Rc2 23. Rfc1 Rxc1+ 24. Rxc1 b5 25. Bf2 Nc4 26. Qc5 Bh6 27. f4 e5 28. Rd1 Bg4 29. Bxb5 Bxe2 30. Rd5 Nb6 31. Bxe2 Nxd5 32. Qxd5 Bxf4 33. Bxa7 Qh4 34. Bc5 Rb8 35. Qd3 Bg3 0-1

[Event "Oberhausen- Aachen 2"]
[Site "?"]
[Date "2023.10.29"]
[Round "3.6"]
[White "Ciornei, Dragos"]
[Black "Huesmann, Thomas"]
[Result "1/2-1/2"]
[WhiteElo "2053"]
[BlackElo "2120"]
[PlyCount "37"]
[EventDate "2023.??.??"]
[SourceVersionDate "2023.09.04"]

1. e4 e5 2. Nf3 Nc6 3. d4 exd4 4. Nxd4 Bc5 5. Be3 Qf6 6. c3 Nge7 7. g3 d5 8. Bg2 Nxd4 9. cxd4 Bb4+ 10. Nc3 Bxc3+ 11. bxc3 dxe4 12. Bxe4 O-O 13. O-O c6 14. c4 Be6 15. Qd3 Bf5 16. Rad1 Rfe8 17. Bxf5 Nxf5 18. Rfe1 Rad8 19. d5 1/2-1/2

[Event "Oberhausen- Aachen 2"]
[Site "?"]
[Date "2023.10.29"]
[Round "3.7"]
[White "Jablonowski, Christoph"]
[Black "Nissen, Claus"]
[Result "1-0"]
[WhiteElo "1988"]
[BlackElo "2128"]
[PlyCount "59"]
[EventDate "2023.??.??"]
[SourceVersionDate "2023.09.04"]

1. d4 Nf6 2. c4 e6 3. Nf3 d5 4. g3 Be7 5. Bg2 O-O 6. O-O c6 7. Qc2 b6 8. Nbd2 Bb7 9. e4 Nxe4 10. Nxe4 dxe4 11. Qxe4 Nd7 12. Rd1 Bf6 13. Bf4 Qe7 14. Rd2 Rfe8 15. Re1 Ba6 16. c5 bxc5 17. Qxc6 Bc4 18. dxc5 Nf8 19. Bd6 Qd7 20. Qxd7 Nxd7 21. Ne5 Nxe5 22. Bxa8 Rd8 23. Bxe5 Rxd2 24. Bxf6 gxf6 25. Rc1 Ba6 26. b4 Rxa2 27. c6 Kf8 28. Bb7 Bb5 29. c7 Bd7 30. Rd1 1-0

[Event "Oberhausen- Aachen 2"]
[Site "?"]
[Date "2023.10.29"]
[Round "3.8"]
[White "Krueger, Andre"]
[Black "Roefe, Detlef"]
[Result "1/2-1/2"]
[WhiteElo "1902"]
[BlackElo "1869"]
[PlyCount "89"]
[EventDate "2023.??.??"]
[SourceVersionDate "2023.09.04"]

1. c4 Nf6 2. Nf3 e6 3. g3 d5 4. Bg2 c5 5. cxd5 exd5 6. d4 Nc6 7. O-O Be7 8. dxc5 Bxc5 9. a3 O-O 10. b4 Be7 11. Bb2 Bf5 12. Nd4 Bg6 13. Nd2 Nxd4 14. Bxd4 a5 15. Qb3 Qd7 16. Bc5 axb4 17. axb4 Bxc5 18. bxc5 Qe7 19. Rxa8 Rxa8 20. e3 Qxc5 21. Qxb7 Rd8 22. Nb3 Qc8 23. Qxc8 Rxc8 24. Rc1 Rb8 25. Nd4 Kf8 26. Ne2 Rb1 27. Rxb1 Bxb1 28. Nc3 Be4 29. f3 Bd3 30. Bf1 Bg6 31. g4 h6 32. h4 Ke8 33. g5 hxg5 34. hxg5 Nh7 35. f4 f6 36. gxf6 Nxf6 37. Bg2 Bf7 38. Kf2 Ke7 39. Ke2 Kd6 40. Kd3 Kc5 41. Na4+ Kb5 42. Nc3+ Kc5 43. Na4+ Kb5 44. Nc3+ Kc5 45. Na4+ 1/2-1/2

[Event "Bünde- Düsseldorf 2"]
[Site "?"]
[Date "2023.10.29"]
[Round "3.1"]
[White "Orlov, Andrey"]
[Black "Brunke, Pascal"]
[Result "1/2-1/2"]
[WhiteElo "2488"]
[BlackElo "2206"]
[PlyCount "100"]
[EventDate "2023.??.??"]
[SourceVersionDate "2023.09.04"]

1. e4 e6 2. d4 d5 3. e5 c5 4. c3 Nc6 5. Nf3 Qb6 6. Be2 cxd4 7. cxd4 Nh6 8. Bxh6 Qxb2 9. Nbd2 gxh6 10. O-O Be7 11. Nb3 O-O 12. Ne1 Qa3 13. Nc2 Qa4 14. Qd2 f6 15. f4 Bd7 16. exf6 Bxf6 17. Rad1 b6 18. Ne3 Qb4 19. Qd3 a5 20. Nc2 Qd6 21. Qe3 Bg7 22. Bd3 Ne7 23. g3 Rac8 24. Ne1 a4 25. Nd2 b5 26. Nef3 b4 27. Ne5 Rc3 28. Qe2 Be8 29. Kg2 Qb6 30. Ndf3 Nf5 31. Rfe1 b3 32. Qd2 Rc7 33. Rb1 Kh8 34. axb3 axb3 35. Bxf5 exf5 36. Rec1 Rxc1 37. Qxc1 Ba4 38. Qa3 Ra8 39. Qe7 Be8 40. Kh3 Bh5 41. Qd7 Bg4+ 42. Nxg4 fxg4+ 43. Qxg4 Rb8 44. Qd7 Bxd4 45. Qxd5 Bf6 46. Ne5 Qb5 47. Qe6 Bxe5 48. fxe5 Qe8 49. Qxe8+ Rxe8 50. Rxb3 Rxe5 1/2-1/2

[Event "Bünde- Düsseldorf 2"]
[Site "?"]
[Date "2023.10.29"]
[Round "3.2"]
[White "Nordsieck, Thomas"]
[Black "De Gleria, Francesco"]
[Result "0-1"]
[WhiteElo "2312"]
[BlackElo "2374"]
[PlyCount "100"]
[EventDate "2023.??.??"]
[SourceVersionDate "2023.09.04"]

1. e4 c6 2. d4 d5 3. exd5 cxd5 4. c4 Nf6 5. Nc3 g6 6. Qb3 Bg7 7. cxd5 O-O 8. Be2 b6 9. Bf3 Bb7 10. Nge2 Qd7 11. O-O Rd8 12. Nf4 Na6 13. Re1 Rab8 14. Nd3 Nxd5 15. Ne5 Bxe5 16. Rxe5 Nxc3 17. bxc3 Bxf3 18. gxf3 Nc7 19. Bf4 Rbc8 20. Rae1 Nd5 21. Bg5 Rxc3 22. Rxe7 Qxe7 23. Bxe7 Rxb3 24. axb3 Re8 25. Bb4 Rxe1+ 26. Bxe1 Kg7 27. Bd2 Kf6 28. Kf1 Ke6 29. Ke2 Ne7 30. Kd3 Kd5 31. Bc3 Nc6 32. Ke3 a5 33. Kd3 b5 34. Ke3 a4 35. bxa4 bxa4 36. Kd3 a3 37. Ba1 a2 38. Bb2 Nd8 39. Ba1 Ne6 40. Bb2 g5 41. Ba1 f5 42. Bb2 h5 43. Ba1 h4 44. Bb2 h3 45. Ba1 Nf4+ 46. Ke3 Kc4 47. Kd2 Nd5 48. Kc2 f4 49. Kd2 Ne7 50. Kc2 Nf5 0-1

[Event "Bünde- Düsseldorf 2"]
[Site "?"]
[Date "2023.10.29"]
[Round "3.3"]
[White "Hoenig, Alexander"]
[Black "Pieper- Emden, Carsten"]
[Result "0-1"]
[WhiteElo "2177"]
[BlackElo "2235"]
[PlyCount "108"]
[EventDate "2023.??.??"]
[SourceVersionDate "2023.09.04"]

1. d4 d5 2. Nf3 Bf5 3. c4 dxc4 4. Nc3 Nf6 5. e3 e6 6. Bxc4 Nbd7 7. O-O c6 8. Re1 Ne4 9. Nd2 Nxc3 10. bxc3 Be7 11. e4 Bg6 12. Rb1 b5 13. Bf1 Nb6 14. Qb3 O-O 15. Ba3 Re8 16. Nf3 Bxa3 17. Qxa3 f6 18. c4 a6 19. Rbc1 Re7 20. Qc5 Rc8 21. e5 f5 22. Re3 Rd7 23. Qa3 Bh5 24. cxb5 axb5 25. Qb3 Kf7 26. Rec3 Bxf3 27. Rxf3 Nd5 28. a4 Rb7 29. axb5 cxb5 30. Rxc8 Qxc8 31. Rxf5+ exf5 32. Qxd5+ Kf8 33. Bxb5 Qc1+ 34. Bf1 Rb1 35. Qd8+ Kf7 36. Qd7+ Kg6 37. Qe6+ Kg5 38. Qe7+ Kh5 39. Qf7+ Kh6 40. Qe6+ g6 41. Qa6 Qd2 42. d5 Qxd5 43. Qe2 Qd1 44. Qc4 Qg4 45. f4 Qd1 46. e6 Qd2 47. h3 Re1 48. Qc5 Qxf4 49. Qf8+ Kh5 50. g4+ Kh4 51. Qe7+ Kg3 52. Qa3+ Qe3+ 53. Qxe3+ Rxe3 54. gxf5 gxf5 0-1

[Event "Bünde- Düsseldorf 2"]
[Site "?"]
[Date "2023.10.29"]
[Round "3.4"]
[White "Brunke, Christian"]
[Black "Von Buenau, Heinrich"]
[Result "1/2-1/2"]
[WhiteElo "2155"]
[BlackElo "2195"]
[PlyCount "70"]
[EventDate "2023.??.??"]
[SourceVersionDate "2023.09.04"]

1. e4 c6 2. Nc3 d5 3. Nf3 g6 4. d4 dxe4 5. Nxe4 Bg7 6. Be2 Nd7 7. O-O Ngf6 8. Nxf6+ Nxf6 9. c3 O-O 10. Ne5 Be6 11. Re1 Nd7 12. Nd3 Nb6 13. Nc5 Bc8 14. Bf3 Nd5 15. Bg5 Re8 16. Qb3 b6 17. Nd3 Bb7 18. Rad1 Qc7 19. Nb4 e6 20. Nxd5 cxd5 21. g3 Rec8 22. a3 Ba6 23. h4 Qd7 24. Kg2 Bb5 25. Qa2 Bc4 26. Qb1 Bb3 27. Rc1 b5 28. Bd1 Bxd1 29. Rcxd1 a5 30. Bd2 Rc4 31. Qd3 Bf8 32. h5 Rac8 33. hxg6 hxg6 34. Rh1 Bg7 35. Bh6 Bh8 1/2-1/2

[Event "Bünde- Düsseldorf 2"]
[Site "?"]
[Date "2023.10.29"]
[Round "3.5"]
[White "Klaska, Philipp"]
[Black "Brosig, Boris"]
[Result "1/2-1/2"]
[WhiteElo "2111"]
[BlackElo "2221"]
[PlyCount "34"]
[EventDate "2023.??.??"]
[SourceVersionDate "2023.09.04"]

1. e4 c5 2. Nf3 e6 3. d4 cxd4 4. Nxd4 Bc5 5. Nb3 Bb6 6. Nc3 Ne7 7. Qe2 O-O 8. Be3 f5 9. O-O-O f4 10. Bxb6 Qxb6 11. Kb1 Nbc6 12. Rd6 a6 13. Qd2 Qc7 14. Be2 Ne5 15. a4 Nf7 16. Rd3 Ne5 17. Rd6 Nf7 1/2-1/2

[Event "Bünde- Düsseldorf 2"]
[Site "?"]
[Date "2023.10.29"]
[Round "3.6"]
[White "Moradi Kahlou, Benjamin"]
[Black "Mueller, Michael"]
[Result "0-1"]
[WhiteElo "2045"]
[BlackElo "2195"]
[PlyCount "74"]
[EventDate "2023.??.??"]
[SourceVersionDate "2023.09.04"]

1. c4 e6 2. g3 Nf6 3. Bg2 c5 4. Nf3 Be7 5. O-O O-O 6. Nc3 a6 7. e4 d6 8. d4 cxd4 9. Nxd4 Qc7 10. b3 Re8 11. Bb2 Nbd7 12. Rc1 Rb8 13. g4 h6 14. f4 Nh7 15. Nce2 Bf6 16. Ng3 e5 17. fxe5 dxe5 18. Ndf5 Bg5 19. Rc3 Ndf6 20. h3 Be6 21. Kh1 Nf8 22. Ne3 Bxe3 23. Rxe3 Ng6 24. Ne2 Rbd8 25. Qc1 h5 26. Rxf6 gxf6 27. gxh5 Nh4 28. Rg3+ Kh7 29. Qe3 Rd1+ 30. Kh2 Nxg2 31. Rxg2 Rg8 32. Ng3 Qd7 33. Bc1 Rg5 34. h4 Rg4 35. Qh6+ Kg8 36. Nf5 Bxf5 37. Rxg4+ Bxg4 0-1

[Event "Bünde- Düsseldorf 2"]
[Site "?"]
[Date "2023.10.29"]
[Round "3.7"]
[White "Wiedenbruch, Paul"]
[Black "Gudath, Reiner"]
[Result "1-0"]
[WhiteElo "2007"]
[BlackElo "1947"]
[PlyCount "127"]
[EventDate "2023.??.??"]
[SourceVersionDate "2023.09.04"]

1. e4 c5 2. Nf3 e6 3. d4 cxd4 4. Nxd4 a6 5. c4 Nf6 6. Nc3 Bb4 7. Qd3 d5 8. e5 dxc4 9. Qxc4 Nd5 10. Be2 b5 11. Qd3 Qc7 12. O-O Bxc3 13. bxc3 Qxc3 14. Qxc3 Nxc3 15. Bf3 Nd5 16. a4 b4 17. Bxd5 exd5 18. a5 Bd7 19. Bd2 O-O 20. Rfc1 b3 21. Rab1 Rc8 22. Rxc8+ Bxc8 23. Rxb3 Nd7 24. f4 Nc5 25. Rb6 Bg4 26. Be3 Ne6 27. Nc6 Be2 28. Ne7+ Kf8 29. Nxd5 g6 30. Kf2 Bc4 31. Nf6 h5 32. Ne4 Bd5 33. Nd6 Kg7 34. g3 Nd8 35. Bd4 Kg8 36. Ke3 Nc6 37. Bc3 Nd8 38. Kd4 Bg2 39. Kd3 Ne6 40. Bb4 Bf1+ 41. Ke3 Bg2 42. Kf2 Bd5 43. h3 h4 44. Bd2 hxg3+ 45. Kxg3 Nc5 46. Rb4 Nd7 47. Rd4 Be6 48. Ne4 Kg7 49. Rd6 Bf5 50. Bc3 Kf8 51. Ng5 Ke7 52. Kf2 Ke8 53. Ke3 Rc8 54. Kd4 Nb8 55. Rb6 Rd8+ 56. Kc4 Bd3+ 57. Kb4 Rc8 58. Rd6 Bb5 59. Kb3 Bc4+ 60. Kb2 Rc6 61. Ne4 Be6 62. Nf6+ Ke7 63. Bb4 Rc4 64. Rd7# 1-0